[Event "12th Arad Open 2019"]
[Site "Arad"]
[Date "2019.07.25"]
[Round "2.36"]
[White "Illes, Sandor-Ferenc"]
[Black "Talu, Mircea"]
[Result "0-1"]
[WhiteElo "1924"]
[BlackElo "2278"]
[Annotator "RC"]
[PlyCount "86"]
[EventDate "2019.07.24"]
[EventType "swiss"]
[EventCountry "ROU"]
[SourceTitle "playchess.com"]
[Source "ChessBase"]
[SourceQuality "1"]
[TimeControl "40/5400+30:900+30"]

1. e4 {[%emt 0:00:00]} e5 {[%emt 0:03:40]} 2. Nf3 {[%emt 0:00:00]} Nc6 {[%emt 0:00:06]} 3. Nc3 {[%emt 0:00:19]} Nf6 {[%emt 0:00:08]} 4. a3 {[%emt 0:00:34]} d6 {[%emt 0:10:39]} 5. d4 {[%emt 0:02:27]} Bg4 {[%emt 0:00:34]} 6. Bb5 {[%emt 0:04:03]} exd4 {[%emt 0:25:41]} 7. Qxd4 {[%emt 0:02:51]} a6 {[%emt 0:00:19]} 8. Bxc6+ {[%emt 0:00:29]} bxc6 {[%emt 0:00:07]} 9. e5 {[%emt 0:12:53]} dxe5 {[%emt 0:00:07]} 10. Qxd8+ {[%emt 0:01:09]} Rxd8 {[%emt 0:00:15]} 11. Nxe5 {[%emt 0:00:20]} Bf5 {[%emt 0:00:35]} 12. O-O {[%emt 0:05:24]} Rd6 {[%emt 0:01:35]} 13. Re1 {[%emt 0:10:08]} Be7 {[%emt 0:00:26]} 14. Be3 {[%emt 0:06:35]} Re6 {[%emt 0:04:31]} 15. Nf3 {[%emt 0:05:45]} c5 {[%emt 0:04:15]} 16. Ng5 {[%emt 0:04:25]} Rc6 {[%emt 0:00:18]} 17. Re2 {[%emt 0:13:34]} O-O {[%emt 0:03:21]} 18. f3 {[%emt 0:00:58]} Rb8 {[%emt 0:01:32]} 19. g4 {[%emt 0:01:15]} Bg6 {[%emt 0:00:47]} 20. b3 {[%emt 0:00:17]} a5 {[%emt 0:02:02]} 21. Nh3 {[%emt 0:08:29]} Bf8 {[%emt 0:31:11]} 22. Nf4 {[%emt 0:11:29]} c4 {[%emt 0:00:59]} 23. Nxg6 {[%emt 0:01:02]} hxg6 {[%emt 0:01:41]} 24. bxc4 {[%emt 0:01:16]} Rxc4 {[%emt 0:00:17]} 25. g5 {[%emt 0:01:48]} Rxc3 {[%emt 0:00:28]} 26. gxf6 {[%emt 0:00:06]} gxf6 {[%emt 0:00:09]} 27. Bd4 {[%emt 0:00:59]} Rxf3 {[%emt 0:00:19]} 28. Kg2 {[%emt 0:00:47]} Rxa3 {[%emt 0:00:47]} 29. Rxa3 {[%emt 0:00:34]} Bxa3 {[%emt 0:00:06]} 30. Bxf6 {[%emt 0:00:06]} Bf8 {[%emt 0:01:08]} 31. Re4 {[%emt 0:02:06]} Bg7 {[%emt 0:00:50]} 32. Bxg7 {[%emt 0:00:13]} Kxg7 {[%emt 0:00:06]} 33. Ra4 {[%emt 0:00:06]} Rb2 {[%emt 0:02:13]} 34. Rc4 {[%emt 0:01:27]} a4 {[%emt 0:00:19]} 35. Rxc7 {[%emt 0:00:09]} a3 {[%emt 0:00:04]} 36. Ra7 {[%emt 0:00:05]} Rxc2+ {[%emt 0:00:05]} 37. Kg3 {[%emt 0:00:06]} a2 {[%emt 0:00:32]} 38. h4 {[%emt 0:00:39]} Kf6 {[%emt 0:00:09]} 39. Ra5 {[%emt 0:00:11]} Ke6 {[%emt 0:00:22]} 40. Kg4 {[%emt 0:00:00]} Kd6 {[%emt 0:00:00]} 41. Ra8 {[%emt 0:03:57]} Kd5 {[%emt 0:00:27]} 42. h5 {[%emt 0:00:18]} gxh5+ {[%emt 0:00:06]} 43. Kxh5 {[%emt 0:00:04]} Kc4 {[%emt 0:00:09]} 0-1

[Event "12th Arad Open 2019"]
[Site "Arad"]
[Date "2019.07.25"]
[Round "2.37"]
[White "Pop, Alexandru"]
[Black "Bucur, Denisa-Andreea"]
[Result "1-0"]
[WhiteElo "2276"]
[BlackElo "1943"]
[Annotator "TA"]
[PlyCount "67"]
[EventDate "2019.07.24"]
[EventType "swiss"]
[EventCountry "ROU"]
[SourceTitle "playchess.com"]
[Source "ChessBase"]
[SourceQuality "1"]

{[%evp 11,67,-8,0,9,41,36,38,-180,37,38,27,35,48,31,29,30,54,51,115,69,122,137,129,128,156,104,155,156,318,323,315,317,310,312,317,317,337,341,335,343,358,346,341,304,420,350,406,377,418,415,408,398,401,368,362,358,493,484]} 1. c4 e5 2. Nc3 Nf6 3. Nf3 Nc6 4. e3 Bb4 5. Qc2 O-O 6. Nd5 Re8 7. Ng5 {A28: English Opening: Four Knights Variation} (7. Qf5 Be7 8. Nxe5 Nb4 9. Nxb4 Bxb4 10. Nf3 d5 11. Qd3 Bf8 12. Be2 c5 13. O-O b6 14. b3 Bb7 15. Bb2 {½-½ (27) So,W (2776)-Melkumyan,H (2660) Douglas 2018}) 7... h6 8. Nxf6+ Qxf6 9. Qh7+ {White is slightly better.} Kf8 10. Ne4 $1 {[%cal Re4f6]} Qg6 11. Qxg6 fxg6 12. a3 Be7 $146 13. b4 Nd8 14. Bb2 $36 {[%mdl 2048] Black is under pressure.} Bf6 ({Black should try} 14... d6 $14) 15. Bd3 g5 (15... Kf7 $14) 16. O-O $16 Ne6 17. g3 Ke7 18. Rae1 (18. f4 $142 gxf4 19. exf4 (19. gxf4 d6 $16)) 18... b6 ({Better is} 18... g4) 19. f4 exf4 $2 {[#]} (19... d6 $16 20. Nxf6 gxf6) 20. Nxf6 $18 gxf6 21. exf4 gxf4 22. Rxf4 ({Not} 22. gxf4 Rg8+ 23. Kf2 Bb7 $16) 22... Rf8 23. Rh4 Bb7 24. Rxh6 f5 25. Be5 Rf7 26. Bxc7 Rg8 27. Rh4 Kf8 28. Bf4 Rg4 29. Bd6+ Kg7 30. Be5+ Kf8 31. Rxg4 fxg4 32. Be4 Bxe4 33. Rxe4 Ng5 {[#] ( -> ...Nh3+)} 34. Bd6+ {Accuracy: White = 88%, Black = 29%.} 1-0

[Event "12th Arad Open 2019"]
[Site "Arad"]
[Date "2019.07.25"]
[Round "2.38"]
[White "Stanciu, Andreea-Briana"]
[Black "Vasiesiu, Victor"]
[Result "0-1"]
[WhiteElo "1917"]
[BlackElo "2269"]
[Annotator "TA"]
[PlyCount "49"]
[EventDate "2019.07.24"]
[EventType "swiss"]
[EventCountry "ROU"]
[SourceTitle "playchess.com"]
[Source "ChessBase"]
[SourceQuality "1"]

{[%evp 16,49,2,13,6,0,2,0,0,-8,0,0,-14,-73,-37,-147,-51,-201,-187,-530,-410,-515,-523,-497,75,84,289,-1260,-574,-1209,-922,-2033,-942,-1160,-1124,-2347]} 1. f4 g6 2. Nf3 Bg7 3. g3 c5 4. Bg2 Nc6 5. O-O e6 6. e4 Nge7 7. d3 d5 8. c3 O-O 9. Qe2 b6 {B20: Sicilian: Unusual White 2nd moves} (9... b5 10. a3 a5 11. e5 Ba6 12. Be3 d4 13. cxd4 cxd4 14. Bf2 Rc8 15. Nbd2 b4 16. Ne4 bxa3 17. bxa3 {1-0 (25) Ehlvest,J (2535)-Richter,M (2517) Berlin 2015}) 10. Rd1 Ba6 11. e5 Qd7 {The position is equal.} 12. Qf2 $146 ({Predecessor:} 12. Na3 Rac8 13. Nc2 Rfd8 14. Qe1 Rc7 15. Kh1 Qc8 16. Be3 d4 17. cxd4 cxd4 18. Ncxd4 Nxd4 19. Nxd4 {½-½ (42) Reppen,S (2061)-Bigg,A (2231) Gibraltar 2008}) 12... f6 {[%cal Rf6e5]} 13. d4 fxe5 14. fxe5 (14. dxe5 $11 {remains equal.} h6 15. Qc2) 14... Rac8 15. Bd2 (15. Na3 $15) 15... Bd3 (15... Nf5 $17 {...cxd4 is the strong threat.} 16. Bf4 cxd4 17. cxd4 Nb4) 16. Qe3 (16. Bf4 $15 Bf5 17. dxc5) 16... Be4 $36 {[%mdl 2048] [#] Hoping for ...Bxf3. White is under strong pressure.} 17. g4 $2 (17. Nh4 {is more resistant.}) 17... cxd4 18. cxd4 Bxf3 19. Bxf3 {[#]} Nxe5 $2 (19... Nxd4 $1 $19 {[%mdl 512]} 20. Qxd4 Rxf3) 20. dxe5 $16 Rxf3 $2 (20... Nc6 $16) 21. Qd4 $4 {[%mdl 8192]} (21. Qxf3 $18 Nc6 22. Nc3) 21... Rf7 (21... Rc4 $142 22. Be3 Rxd4 23. Bxd4 Nc6) 22. Kg2 Nc6 23. Na3 Nxe5 (23... Nxd4 $142 24. Rf1 Rxf1 25. Rxf1 Bxe5) 24. Qe3 Nf3 25. h3 {Accuracy: White =  7%, Black = 34%.} 0-1

[Event "12th Arad Open 2019"]
[Site "Arad"]
[Date "2019.07.25"]
[Round "2.39"]
[White "Barrish, Daniel"]
[Black "Pislariu, Stefanel-Vasilica"]
[Result "1-0"]
[WhiteElo "2237"]
[BlackElo "1934"]
[Annotator "TA"]
[PlyCount "71"]
[EventDate "2019.07.24"]
[EventType "swiss"]
[EventCountry "ROU"]
[SourceTitle "playchess.com"]
[Source "ChessBase"]
[SourceQuality "1"]

{[%evp 12,71,38,29,34,22,16,14,36,31,37,30,39,38,31,32,157,150,150,104,101,100,99,84,93,93,88,66,89,72,81,74,130,140,177,174,190,196,185,185,214,206,208,217,212,212,235,229,224,185,276,227,308,242,355,155,150,108,564,564,1497,1389]} 1. d4 d5 2. c4 c6 3. cxd5 cxd5 4. Nc3 Nf6 5. Bf4 a6 6. e3 e6 7. Bd3 Bd6 {D10: Slav Defence: 3 cxd5 (without early Nf3) and 3 Nc3} 8. Bxd6 (8. Nge2 {is interesting.} b5 9. Rc1 Bb7 10. Nb1 O-O 11. Nd2) 8... Qxd6 9. f4 Nc6 {The position is equal.} 10. Nf3 b5 11. Ne5 Bb7 12. O-O Nb4 $146 ({Predecessor:} 12... Rc8 13. Rc1 Na5 14. Qe1 Nc4 15. b3 Nb6 16. f5 b4 17. Ne2 {1-0 (31) Plat,V (2543)-Shkuran,D (2381) Pardubice 2018}) 13. Bb1 Ne4 (13... Nc6 $14) 14. Bxe4 dxe4 15. a3 {Black must now prevent f5.} Nd3 16. Nxd3 exd3 17. Qxd3 f5 18. Rac1 O-O 19. Nb1 Bd5 20. Nd2 Rac8 21. b4 Rc6 (21... Ra8 $142) 22. Rc5 $16 Rfc8 23. Rfc1 Rxc5 24. dxc5 Qc6 25. Qe2 a5 {[#] intending ...axb4.} 26. Nf3 $1 axb4 27. axb4 Qa6 28. Nd4 Qa3 29. Qd2 Bc4 30. Qc3 Qa8 (30... Qxc3 {is a better defense.} 31. Rxc3 Ra8) 31. c6 Qb8 32. Ra1 Qc7 (32... h6 $142 33. Ra6 Kh8) 33. Qa3 (33. Ra5 $18 {has better winning chances.}) 33... e5 34. Nxf5 exf4 $2 {[%mdl 8192] [#]} (34... Be6 $16 {is more resistant.}) 35. Qa7 $18 Kf8 36. Qc5+ {Accuracy: White = 62%, Black = 23%.} 1-0

[Event "12th Arad Open 2019"]
[Site "Arad"]
[Date "2019.07.25"]
[Round "2.40"]
[White "Lyell, Mark"]
[Black "Ieran, Florin-Liviu"]
[Result "1-0"]
[WhiteElo "2216"]
[BlackElo "1921"]
[Annotator "TA"]
[PlyCount "45"]
[EventDate "2019.07.24"]
[EventType "swiss"]
[EventCountry "ROU"]
[SourceTitle "playchess.com"]
[Source "ChessBase"]
[SourceQuality "1"]

{[%evp 9,45,39,45,23,58,66,56,28,21,42,45,47,60,60,218,80,69,64,70,72,302,290,280,257,226,193,197,170,281,272,275,270,253,245,949,949,949,949]} 1. e4 d5 2. exd5 Qxd5 3. Nc3 Qa5 4. Bc4 Nf6 5. d3 Bf5 6. Bd2 {[#] Strongly threatening Nd5. B01: Scandinavian Defence} (6. Nge2 c6 7. O-O e6 8. Qe1 Qd8 9. Ng3 Bg6 10. f4 Bc5+ 11. Kh1 Qe7 12. f5 exf5 13. Qxe7+ Bxe7 14. Nxf5 Bxf5 15. Rxf5 Nbd7 16. Bg5 h6 17. Bd2 b5 18. Bb3 Nc5 19. Be3 {½-½ (19) Van Delft,M (2423)-Smerdon,D (2508) Amsterdam 2014}) 6... c6 7. Nd5 Qd8 8. Ne3 {White is slightly better.} Bg6 9. h4 $146 {aiming for h5.} ({Predecessor:} 9. Nf3 e6 10. a3 Nbd7 11. Bc3 Bd6 12. Qd2 Qc7 13. O-O O-O 14. Rfe1 {0-1 (49) Ustundag,N-Diril,I Kocaeli 2008}) 9... h5 10. Nh3 e5 11. f4 $36 {[%mdl 2048] White has some pressure.} Nd5 $2 (11... Nbd7 $14) 12. fxe5 (12. Bxd5 $1 $18 {is more deadly. Threatens to win with Bf3.} cxd5 13. f5) 12... Qxh4+ $16 13. Nf2 Qd4 14. Qf3 {[%cal Re3d5]} Qxb2 $2 (14... Nd7 $16 {was worth a try.}) 15. O-O $18 Nb6 16. Ne4 Nxc4 17. Nxc4 Qd4+ 18. Be3 Qd5 (18... Qd7 $142 19. Ned6+ Bxd6) 19. Ncd6+ Bxd6 20. Nxd6+ Kf8 21. Nxf7 Qxf7 $2 {[#]} (21... Bxf7 22. Qxd5 cxd5) 22. Qh3 $1 {[%mdl 512] Qc8+ would kill now.} Na6 23. Qd7 {[%mdl 64] Pin. Accuracy: White = 59%, Black = 25%.} 1-0

[Event "12th Arad Open 2019"]
[Site "Arad"]
[Date "2019.07.25"]
[Round "3.1"]
[White "Mastrovasilis, Dimitrios"]
[Black "Dobre, Claudiu-Cristian"]
[Result "1-0"]
[WhiteElo "2589"]
[BlackElo "2340"]
[Annotator "TA"]
[PlyCount "55"]
[EventDate "2019.07.24"]
[EventType "swiss"]
[EventCountry "ROU"]
[SourceTitle "playchess.com"]
[Source "ChessBase"]
[SourceQuality "1"]

{[%evp 22,55,31,13,22,17,24,11,27,0,-8,-11,17,0,0,0,79,85,118,127,147,79,87,78,264,166,1028,1021,1008,991,29985,1121,29986,29987,29985,29986]} 1. e4 e5 2. Nf3 Nf6 3. Nxe5 d6 4. Nf3 Nxe4 5. d4 d5 6. Bd3 Be7 7. O-O O-O 8. c4 Nf6 9. cxd5 Nxd5 10. Nc3 Be6 11. Re1 Nc6 12. h3 a6 {C42: Petroff Defence: 3 Nxe5 and unusual White 3rd moves} 13. Qc2 h6 14. a3 Re8 {[#] The position is equal.} 15. Rxe6 $146 ({Predecessor:} 15. Bf5 Bxf5 16. Qxf5 Nxc3 17. bxc3 Bd6 18. Bf4 Ne7 19. Qg4 Qc8 20. Qg3 {½-½ (73) Wei,Y (2696)-Li,C (2758) Wuxi 2016}) 15... fxe6 16. Qe2 Bf8 17. Bd2 Qd7 18. Re1 b5 (18... Qf7 $11 {keeps the balance.}) 19. Bb1 $16 {[%mdl 1024] White has strong compensation.} Nf6 20. Ne4 Be7 21. Bc3 (21. Qd3 $142) 21... Nd5 22. Qc2 Bd6 $2 (22... b4 $16) 23. Bd2 Nce7 $2 (23... Kf8) 24. Nc5 $18 {[%mdl 64] [#] Discovered Attack} Bxc5 25. Ne5 {White wants to mate with Qh7+.} Qd8 26. Qh7+ Kf8 27. Bxh6 {[%csl Gh7][%cal Rh6g7]} Nf5 28. Bxf5 {Accuracy: White = 59%, Black = 14%.} 1-0

[Event "12th Arad Open 2019"]
[Site "Arad"]
[Date "2019.07.25"]
[Round "3.2"]
[White "Balla, Tamas-Kristof"]
[Black "Istratescu, Andrei"]
[Result "0-1"]
[WhiteElo "2336"]
[BlackElo "2555"]
[Annotator "TA"]
[PlyCount "98"]
[EventDate "2019.07.24"]
[EventType "swiss"]
[EventCountry "ROU"]
[SourceTitle "playchess.com"]
[Source "ChessBase"]
[SourceQuality "1"]

{[%evp 10,98,14,0,0,-7,0,0,0,0,0,0,0,0,18,16,17,6,22,-7,-11,-25,-20,0,-5,-2,0,0,0,0,0,0,0,0,0,0,0,0,0,0,0,-7,-7,-8,-8,-10,-13,-72,-86,-97,-85,-85,-107,-104,-98,-100,-103,-142,-141,-138,-136,-144,-137,-246,-240,-235,-239,-372,-365,-346,-256,-253,-231,-311,-347,-467,-473,-1437,-1241,-1033,-533,-814,-720,-4947,-2903,-1828,-1632,-8912,-6764,-12828,-5443]} 1. d4 Nf6 2. c4 d6 3. Nc3 e5 4. e4 exd4 5. Qxd4 Nc6 6. Qd2 a5 {A53: Old Indian Defence without Nf3} (6... g6 7. Bd3 Bg7 8. Nge2 O-O 9. O-O Nd7 10. b3 Nc5 11. Bb2 f5 12. Bb1 Qf6 13. exf5 Bxf5 14. Ng3 Qd4 15. Qxd4 Nxd4 16. Bxf5 Nxf5 {½-½ (86) Harikrishna,P (2672)-Akobian,V (2628) Wijk aan Zee 2010}) 7. b3 a4 8. Rb1 axb3 {The position is equal.} 9. axb3 g6 10. Bb2 Bg7 11. Bd3 O-O 12. Nge2 $1 Nb4 13. O-O Re8 14. Ra1 $146 ({Predecessor:} 14. f3 Nd7 {½-½ (32) Bericat,A-Toro Solis de Ovando,G Argentina 1996}) 14... Rxa1 15. Bxa1 Nxd3 16. Qxd3 c6 17. Rd1 Qb6 18. Na4 Qb4 19. f3 d5 20. cxd5 cxd5 21. e5 Bf5 22. Qd2 Qxd2 23. Rxd2 Nd7 24. f4 f6 $36 {[%mdl 2048] Black has some pressure.} 25. Nd4 Be4 26. e6 Nf8 27. Nc5 f5 28. Nxb7 (28. Ra2 $1 $11) 28... Nxe6 $17 29. Nxe6 Bxa1 30. Nbc5 Bc3 31. Rd1 Ra8 {And now ...Ra2 would win.} 32. Nc7 Ra2 33. Nxe4 dxe4 {[%mdl 4096] Endgame KRB-KRN} 34. Nd5 Bd2 35. Kf1 Kf7 36. g3 (36. b4 $17) 36... Ke6 $19 37. Nb6 Bb4 {Hoping for ...e3.} 38. Nc4 (38. Nd5 $142 Bd6 39. Kg1) 38... Rxh2 39. Rd8 Rh1+ 40. Kg2 Rb1 41. Rh8 Rxb3 42. Rxh7 Be1 {Black is clearly winning.} 43. Rh3 (43. g4 $142 fxg4 44. Rh8) 43... Kd5 44. Ne5 {[#]} g5 $1 {[%mdl 512]} 45. Nf7 (45. fxg5 Kxe5) 45... g4 46. Rh5 Rb2+ 47. Kf1 Bxg3 48. Rxf5+ {[#]} Kd4 $1 {( -> ...e3)} 49. Ne5 e3 {Accuracy: White = 51%, Black = 83%.} 0-1

[Event "12th Arad Open 2019"]
[Site "Arad"]
[Date "2019.07.25"]
[Round "3.3"]
[White "Svetushkin, Dmitry"]
[Black "Gilea, Lucian"]
[Result "1/2-1/2"]
[WhiteElo "2528"]
[BlackElo "2287"]
[Annotator "TA"]
[PlyCount "138"]
[EventDate "2019.07.24"]
[EventType "swiss"]
[EventCountry "ROU"]
[SourceTitle "playchess.com"]
[Source "ChessBase"]
[SourceQuality "1"]

{[%evp 15,138,37,58,20,22,16,16,16,41,49,81,78,97,100,104,120,118,113,126,86,115,100,114,91,90,63,121,102,120,114,140,124,117,0,2,0,15,16,29,16,19,0,0,0,22,0,7,5,0,0,0,0,0,0,0,0,0,0,3,-4,0,0,0,0,14,14,14,0,0,0,0,0,20,22,30,22,26,8,8,8,8,8,8,0,0,0,2,0,0,0,8,4,4,0,0,0,0,0,0,0,0,0,0,0,8,0,20,0,8,0,0,0,0,0,0,0,0,0,0,0,0,0,0,0,0]} 1. e4 e5 2. Nf3 Nf6 3. Nxe5 d6 4. Nf3 Nxe4 5. d4 d5 6. Bd3 Be7 7. O-O O-O 8. Re1 Bf5 9. Nc3 {C42: Petroff Defence: 3 Nxe5 and unusual White 3rd moves} (9. Nbd2 Nd6 10. Nb3 c6 11. Bf4 Bxd3 12. Qxd3 Ne4 13. Re2 Na6 14. Rae1 Nc7 15. Bxc7 Qxc7 16. Nbd2 Bb4 {½-½ (65) Nepomniachtchi,I (2763)-Duda,J (2738) Wijk aan Zee 2019}) 9... Nxc3 $1 10. bxc3 Bxd3 11. cxd3 c6 12. Qb3 $146 ({Predecessor:} 12. Bf4 Nd7 13. Rb1 b6 14. Re3 c5 15. Qe2 Bf6 {½-½ (46) Hammond,B (1476)-Bettley,A Hull 2018}) 12... b5 13. a4 a6 14. axb5 cxb5 15. Re5 Nd7 16. Rxd5 {[#] Ne5 is the strong threat.} Qc7 17. Bf4 Qb7 18. Bg5 Bxg5 19. Nxg5 Nf6 20. Re5 Qc7 (20... Rfb8 $14) 21. h3 h6 22. Nf3 Rfd8 23. c4 bxc4 24. dxc4 ({Better is} 24. Qxc4 $16 Qb7 25. Rc5) 24... Rxd4 $1 $11 25. c5 Rad8 26. Qc2 Rd2 27. Nxd2 Qxe5 28. Nb3 ({Much weaker is} 28. Rxa6 Qe1+ 29. Nf1 Ne4 $15) 28... Nd5 29. Qd2 Rc8 30. g3 Nf6 31. Rc1 Qe6 {[%mdl 64] [#] Double Attack} 32. Qd3 Qxh3 33. Qxa6 h5 34. c6 h4 35. Qf1 Qe6 36. Nd4 Qe4 37. Rd1 {next Qh3 is good for White.} Qg4 38. Rd3 Ne4 39. Qd1 Qxd1+ 40. Rxd1 hxg3 {[%mdl 4096] Endgame KRN-KRN} 41. f3 Ng5 42. Kg2 Ne6 43. Nf5 Kf8 44. Rh1 {[%cal Rh1h8]} Nf4+ 45. Kxg3 {[%cal Rh1h8]} Ng6 46. Rc1 {Strongly threatening Nd6.} Ne7 $132 {[%mdl 2048] The position is equal. Black has counterplay} 47. Nd4 Rd8 48. Rc4 {White wants to play c7.} Nc8 ({Of course not} 48... Rxd4 $6 49. Rxd4 Nxc6 50. Rd6 $16) 49. Nb5 (49. c7 {feels hotter.} Rd5 50. Kg4 Ke7 51. Nf5+ Kd7 52. Nxg7 Nd6 53. Rc2) 49... Rd5 50. Nc3 Rd6 51. Kf4 Ke7 52. Ke4 Ke6 53. Nb5 Rd1 54. Rc5 Re1+ 55. Kd3 g6 56. Rc2 Kd5 57. c7 f5 58. Nc3+ Kd6 59. Ne2 Kd7 60. Nd4 f4 61. Rc5 Kd6 62. Rc6+ Kd5 {aiming for ...Re3+.} 63. Rxg6 {Black must now prevent Rg8.} ({Don't go for} 63. Kd2 $2 Re7 $19) 63... Re3+ 64. Kd2 {Threatens to win with Rg8.} Kxd4 65. Rg8 Nb6 66. Rd8+ Kc5 67. c8=Q+ Nxc8 68. Rxc8+ Kd4 69. Rd8+ Ke5 {Accuracy: White = 59%, Black = 67%.} 1/2-1/2

[Event "12th Arad Open 2019"]
[Site "Arad"]
[Date "2019.07.25"]
[Round "3.4"]
[White "Gorodetzky, Matan"]
[Black "Jianu, Vlad-Cristian"]
[Result "1/2-1/2"]
[WhiteElo "2290"]
[BlackElo "2523"]
[Annotator "TA"]
[PlyCount "122"]
[EventDate "2019.07.24"]
[EventType "swiss"]
[EventCountry "ROU"]
[SourceTitle "playchess.com"]
[Source "ChessBase"]
[SourceQuality "1"]

{[%evp 17,122,20,14,12,16,0,0,0,0,0,19,15,12,13,16,6,22,7,10,0,0,0,0,0,0,0,0,-27,-21,-76,-79,-90,-43,-48,-44,-52,-52,-52,-43,-37,-37,-62,-61,-91,-90,-102,-95,-92,-88,-194,-166,-134,-119,-116,-111,-125,-112,-140,-99,-96,-92,-173,-176,-162,-118,-118,-118,-118,-118,-118,-118,-118,-118,-118,-118,-118,-97,-99,-101,-126,-126,-160,-126,-126,-95,-126,-116,-126,-114,-126,-114,-126,-126,-126,-126,-126,-8,-4,8,8,8,8,8,8,10,8,0]} 1. e4 d6 2. d4 Nf6 3. Nc3 g6 4. Nf3 Bg7 5. h3 O-O 6. Be3 a6 7. a4 b6 8. Bd3 Bb7 9. O-O Nbd7 10. Qc1 {B08: Pirc Defence: Classical System} e5 $146 ({Predecessor:} 10... b5 11. axb5 axb5 12. Rxa8 Bxa8 13. b4 c5 14. dxc5 dxc5 15. bxc5 b4 16. Na2 Nxe4 17. c6 Bxc6 18. Nxb4 {½-½ (125) Szmetan,J (2415)-Soppe,G (2460) San Martin 1993}) 11. dxe5 dxe5 12. Re1 Qe7 13. Bc4 c6 14. Bg5 b5 15. Ba2 Rfe8 16. Qe3 Qf8 17. Rad1 h6 18. Bxf6 Nxf6 19. Qb6 Rab8 20. Qc7 Qe7 $36 {[%mdl 2048] Black has good play.} 21. Qxe7 Rxe7 22. axb5 axb5 23. Nd2 (23. Rd6 $11 {keeps the balance.}) 23... Bf8 $17 24. Nb3 Rc7 25. Nc1 Nd7 {[%cal Bf6d7,Bd7b8,Bb8a6][%mdl 32]} 26. Nd3 Kg7 27. b4 Re8 28. Bb3 Nb8 29. Ne2 Na6 30. c3 c5 {[%mdl 64] Discovered Attack} 31. bxc5 Bxe4 32. Nec1 f5 33. c4 (33. f3 $17 {might work better.} Bxd3 34. Nxd3) 33... Nxc5 34. Nxc5 Rxc5 35. cxb5 {[#]} Re7 $1 ({Don't play} 35... Rxb5 $6 36. Ba4 $11) 36. f3 Bb7 37. b6 Rc6 38. Nd3 Rxb6 39. Rb1 (39. Nc5 $17 {keeps fighting.}) 39... e4 $19 40. Nc5 exf3 {( -> ...Rxe1+)} 41. Rxe7+ Bxe7 42. Nxb7 Rxb7 43. gxf3 {[%mdl 4096] Endgame KRB-KRB} Kf6 44. Kg2 Kg5 45. Ba2 Rd7 {Strongly threatening ...Rd2+.} 46. Rb2 Kf4 47. Bf7 Bf6 48. Be6 Rd3 49. Rc2 Bd4 50. Bd5 Rd1 51. Bc6 Kg5 52. Bb5 Rg1+ 53. Kh2 Rb1 54. Be2 Kf4 55. Kg2 Rg1+ 56. Kh2 Rg5 (56... Re1 $17 {White must now prevent ...Ke3.} 57. Kg2 g5) 57. Rc4 $11 {The position is equal.} Ke3 {[#] ...Be5+ is the strong threat.} 58. f4 $1 {[%cal Rf4g5][%mdl 512]} Kxf4 {Hoping for ...Ke3.} 59. h4 Rg3 60. Rxd4+ Ke5 61. Kxg3 Kxd4 {Accuracy: White = 56%, Black = 71%.} 1/2-1/2

[Event "12th Arad Open 2019"]
[Site "Arad"]
[Date "2019.07.25"]
[Round "3.5"]
[White "Costachi, Mihnea"]
[Black "Nastase, Robert-Paul"]
[Result "1-0"]
[WhiteElo "2471"]
[BlackElo "2283"]
[Annotator "TA"]
[PlyCount "54"]
[EventDate "2019.07.24"]
[EventType "swiss"]
[EventCountry "ROU"]
[SourceTitle "playchess.com"]
[Source "ChessBase"]
[SourceQuality "1"]

{[%evp 26,54,16,25,19,29,52,54,63,72,234,234,239,250,223,227,231,223,473,458,497,516,579,577,562,563,29962,29963,5389,5330,29986]} 1. d4 f5 2. Nf3 d6 3. g3 Nf6 4. Bg2 g6 5. O-O Bg7 6. b3 O-O 7. Bb2 Ne4 8. Nbd2 Nc6 9. c4 e5 10. dxe5 Nxd2 11. Qxd2 dxe5 12. Qd5+ Kh8 13. Qxd8 Rxd8 14. Ng5 {Strongly threatening Bxc6.} Rd2 {[%mdl 64] Double Attack. A87: Dutch Defence: Leningrad System: 5 Nf3} 15. Bc3 Rxe2 (15... Rc2 16. Rac1 Rxe2 17. Bxc6 bxc6 18. Rfd1 Bf6 19. Nf3 Rxa2 20. Nxe5 Kg7 21. Nd7 Bxc3 22. Rxc3 {½-½ (50) Brooks,I (2581)-Brunsek,I (2595) ICCF email 2009}) 16. Bxc6 $1 bxc6 {White is slightly better.} 17. Rfd1 $1 {[%cal Rd1d8] Hoping for Rd8+.} Bb7 $146 (17... Bf6 $16) ({Predecessor:} 17... Bf6 18. Kf1 Rc2 19. Bxe5 Bxe5 20. Nf7+ Kg7 21. Nxe5 f4 22. gxf4 {½-½ (39) Enkhbat,T (2417)-Balkhamishvili,T (2114) Bethesda 2014}) 18. Rd7 $18 Rc2 {[#]} 19. Bxe5 $1 {[%mdl 576] Decoy} Bxe5 20. Nf7+ {[%mdl 64] Double Attack} Kg8 21. Nxe5 Rc8 $2 (21... Re8 22. Rxc7 Rxe5) 22. Rad1 c5 23. Re7 f4 {and the idea ...fxg3 leaves Black hopeful.} 24. f3 {Intending Rdd7 and mate.} fxg3 25. hxg3 {White threatens Rdd7! and mate.} Rf8 {[#]} 26. Rdd7 $1 {[%mdl 512]} Rc1+ {[#]} 27. Kh2 $1 {[%mdl 512] White wants to mate with Rg7+.} Rf5 1-0